Fyzioterapie. /
Uložené v:
| Hlavný autor: | |
|---|---|
| Médium: | Kniha |
| Jazyk: | Czech |
| Vydané: |
Jinočany :
H + H Jinočany, nakladatelství a vydavatelství,
2002
|
| Vydanie: | 1. vyd. - dotisk. |
| Témy: | |
| ISBN: |
8086022455 (brož.) |
| Fyzický popis: |
428 s. |
| Tagy: |
Pridať tag
Žiadne tagy, Buďte prvý kto otaguje tento záznam!
|
Titul je dostupný aj v ... 

MARC
| LEADER | 00000nam a2200000 a 4500 | ||
|---|---|---|---|
| 001 | 000087721 | ||
| 003 | SVKK | ||
| 005 | 20030717000000.0 | ||
| 008 | 030512s2002 cs e czeo | ||
| 020 | |a 8086022455 (brož.) | ||
| 040 | |a SVKKK |b slo |c SVKKK |e AACR2 | ||
| 041 | 0 | |a cze | |
| 044 | |a cs |c CS | ||
| 080 | |a 615.8(075) |2 1997 | ||
| 080 | |a 615.825(075) |2 1997 | ||
| 080 | |a 796.012.6(075) |2 1997 | ||
| 100 | 1 | |a Hromádková, Jana |4 aut | |
| 245 | 1 | 0 | |a Fyzioterapie. / |c Jana Hromádková...[et al.] |
| 250 | |a 1. vyd. - dotisk. | ||
| 260 | |a Jinočany : |b H + H Jinočany, nakladatelství a vydavatelství, |c 2002 | ||
| 300 | |a 428 s. | ||
| 653 | 0 | |a fyzioterapia |2 SVKKKPH | |
| 653 | 0 | |a cvičenia rehabilitačné |2 SVKKKPH | |
| 653 | 0 | |a cvičenia telesné |2 SVKKKPH | |
| 653 | 0 | |a učebnice |2 SVKKKPH | |
| 655 | 7 | |a učebnice |2 SVKKKPH | |
| 910 | |a svkkk | ||
| 919 | |a 80-86022-45-5 | ||
| 974 | |a UH |d 20030716 | ||
| 974 | |a MI |d 20030613 | ||
| 974 | |a MI |d 20030717 | ||
| 998 | |a BK | ||
| 090 | |g SCKHL |k Sklad Pribinova 2. posch. |a III.193807 |j 953340 |i 2720051685 |s Absenčne | ||